| 000 | 00560nam a2200181 i 4500 | ||
|---|---|---|---|
| 001 | 59696 | ||
| 003 | ES-MaACL | ||
| 005 | 20230906164100.0 | ||
| 007 | t| | ||
| 008 | 031030s1964 sp ||||1| spa d | ||
| 100 | 1 |
_aEpstein, B. S. _947331 |
|
| 245 | 1 | 0 |
_aAfecciones de la columna vertebral y de la médula espinal / _cpor B.S. Epstein ; versión, A. Jornet. |
| 250 | _a[1ª ed.]. | ||
| 260 |
_aBarcelona : _bJims, _c[1964] |
||
| 300 |
_aXVI, 696 p., 6 lám. : _bil. ; _c26 cm. |
||
| 700 | 1 |
_aJornet Cases, A. _966960 |
|
| 852 |
_aES-MaACL _jC-25845 _bR.54839 |
||
| 999 |
_c59696 _d59696 |
||